Music Artists by Song - A - Statistics

General Stats
  • This quiz has been taken 132 times
    88 since last reset
  • The average score is 12 of 21
Answer Stats
Songs Artist % Correct
Dancing Queen / Gimmie! Gimmie! Gimmie! / The Winner Takes It All ABBA
100%
Thunderstruck / Highway to Hell / Back In Black AC/DC
98%
Set Fire to the Rain / Easy On Me / Someone Like You Adele
94%
Dream On / I Don't Want To Miss A Thing / Crazy Aerosmith
90%
Barbie Girl / Doctor Jones / Lollipop (Candyman) Aqua
90%
Complicated / Sk8er Boi / What the Hell Avril Lavigne
90%
Back to Black / You Know I'm No Good / Tears Dry On Their Own Amy Winehouse
79%
House of the Rising Sun / Don't Let Me Be Misunderstood / We've Gotta Get Out Of This Place The Animals
71%
I Wanna Be Yours / 505 / No. 1 Party Anthem Arctic Monkeys
70%
If I Ain't Got You / My Boo / No One Alicia Keys
62%
we can't be friends / twilight zone / supernatural Ariana Grande
54%
All That She Wants / Happy Nation / The Sign Ace of Base
49%
Scars To Your Beautiful / Here / Stay Alessia Cara
44%
Man in the Box / Would? / Nutshell Alice in Chains
37%
Let's Stay Together / Tired of Being Alone / How Can You Mend a Broken Heart Al Green
35%
Runaway / The Seed / Cure For Me AURORA
29%
I Smoked Away My Brain / Sundress / Fashion Killa A$AP Rocky
25%
Lost Stars / Good Mood / Ojala Adam Levine
19%
Yummy / Emo Boy / Literal Legend Ayesha Erotica
19%
Treehouse / Sarah / Mary Alex G
17%
anything / not a lot, just forever / forwards beckon rebound Adrianne Lenker
16%
No matching quizzes found
Score Distribution
Percent of People with Each Score
Percentile by Number Answered
Your Score History
You have not taken this quiz since the last reset